000 00971nam a2200325Ia 4500
001 dia_1284
003 CHAP
005 20230126115348.0
008 220117s[19- xx 000 0 und d
010 _a171825
040 _cCHAP
082 _a691.3 F47 [19--]
100 _aFerrer, Ricardo
_940410
245 _aCales, cementos y hormigones /
_c Ricardo Ferrer
260 _aBarcelona :
_b Sintes,
_c[19-
300 _a234 p.
400 _aSELECTA ENCICLOPEDIA PRACTICA 230 - 231
440 _aSelecta Enciclopedia Práctica ; 230-231
_9150431
590 _aTH845 F47 [19--]
650 _aCement
_9150432
650 _aCemento
_920935
650 _aConcrete
_9150433
650 _aConstruction materials
_9150434
650 _aHormigón
_9150435
650 _aMateriales de construcción
_9150436
901 _a691.3 F47 [19--]
902 _aM
905 _a523227[19--] sp amn 8222223322SPA16
942 _cLIBRO
_2ddc
999 _c171825
_d171825